Statystyki dla Premierzy Polski

Kliknij tutaj aby rozwiązać quiz!

Ogólne statystyki

  • Ten quiz został rozwiązany 451 razy
  • Średni wynik to 21 z 51

Statystyki odpowiedzi

LataPremier% Poprawnych
2017-Mateusz Morawiecki
91%
2007-2014Donald Tusk
88%
2015-2017Beata Szydło
86%
2014-2015Ewa Kopacz
85%
2006-2007Jarosław Kaczyński
83%
2001-2004Leszek Miller
77%
1989-1991Tadeusz Mazowiecki
74%
1992Waldemar Pawlak
66%
1993-1995Waldemar Pawlak
66%
1992-1993Hanna Suchocka
62%
1997-2001Jerzy Buzek
62%
1995-1996Józef Oleksy
60%
1991-1992Jan Olszewski
59%
2005-2006Kazimierz Marcinkiewicz
59%
1930Józef Piłsudski
56%
1926-1928Józef Piłsudski
56%
1920-1921Wincenty Witos
56%
1923Wincenty Witos
56%
1926Wincenty Witos
56%
1996-1997Włodzimierz Cimoszewicz
56%
2004-2005Marek Belka
55%
1981-1985Wojciech Jaruzelski
50%
1954-1970Józef Cyrankiewicz
46%
1947-1952Józef Cyrankiewicz
46%
1991Jan Krzysztof Bielecki
43%
1952-1954Bolesław Bierut
41%
1923-1925Władysław Grabski
36%
1989Czesław Kiszczak
33%
1922-1923Władysław Sikorski
32%
1970-1980Piotr Jaroszewicz
29%
1930-1931Walery Sławek
29%
1935Walery Sławek
29%
1930Walery Sławek
29%
1918-1919Jędrzej Moraczewski
28%
1936-1939Felicjan Sławoj
26%
1988-1989Mieczysław Rakowski
25%
1944-1947Edward Osóbka
22%
1928-1929Kazimierz Bartel
21%
1980Edward Babiuch
15%
1919Ignacy Jan Padarewski
13%
1985-1988Zbigniew Messner
13%
1919-1920Leopold Skulski
11%
1980-1981Józef Pińkowski
10%
1922Julian Nowak
9%
1934-1935Leon Kozłowski
9%
1935-1936Marian Zyndram
8%
1921-1922Antoni Ponikowski
7%
1931-1933Aleksander Prystor
6%
1925-1926Aleksander Skrzyński
6%
1933-1934Janusz Jędrzejewicz
6%
1929Kazimierz Świtalski
6%

Rozkład punktacji

Percentyl według liczby udzielonych odpowiedzi

Procent ludzi z każdym wynikiem

Twoja historia wyników

Nie rozwiązałeś tego quizu